00749nam a2200241 a 4500001001300000003000900013005001700022008004100039020000900080082001600089100002600105245008000131260004000211300000900251500003500260505002400295650001700319700002600336902000800362942000700370952011500377999001500492nice12345678IN_TiNIC20260116013000.0050524s1975 dela grp 000 0 urd  ac1400a491.44bKAI aKaifi, B M Datatariya aKaifiya, Urdu Zaban Ki Mukhtasar Tarikh Aur Uski Insha Aur Imla Vaghaira Ka aDelhibAnjuman Taraqqi-E-Urduc1975 a296p aincludes index and biblioraphy2 aBibliography, Index aUrdu-Grammar1 aKaifi, B M Datatariya bSRS cBK 001040708StackRoom-aHMIbHMId2007-06-08g14.00l0o491.44 KAIp011595r2007-06-08v14.00w2005-05-24yBK c9155d9155